书目信息 |
| 题名: |
社会科学基础
|
|
| 作者: | 曲庆彪 主编 | |
| 分册: | ||
| 出版信息: | 北京 高等教育出版社 2004 |
|
| 页数: | 348页 | |
| 开本: | 23cm | |
| 丛书名: | ||
| 单 册: | ||
| 中图分类: | C43 | |
| 科图分类: | ||
| 主题词: | 社会科学--高等学校--教材 | |
| 电子资源: | ||
| ISBN: | 7-04-015443-9 | |
| 000 | 00814nam0 2200241 450 | |
| 001 | 1562725930 | |
| 005 | 20150131172543.20 | |
| 010 | @a7-04-015443-9@dCNY23.60 | |
| 100 | @a20040902d2004 em y0chiy50 ea | |
| 101 | 0 | @achi |
| 102 | @aCN@b110000 | |
| 105 | @ay z 000yy | |
| 200 | 1 | @a社会科学基础@9she hui ke xue ji chu@f曲庆彪主编 |
| 210 | @a北京@c高等教育出版社@d2004 | |
| 215 | @a348页@d23cm | |
| 300 | @a高等院校小学教育专业教材 | |
| 304 | @a教育部师范教育司组织专家审定 | |
| 330 | @a本书以促进小学教师培养目标的实现、提高其社科素质为宗旨,针对社会科学的内容、发展过程、价值与作用等,力求涵盖其主要学科的成就、人物与学术价值。 | |
| 606 | 0 | @a社会科学@x高等学校@j教材 |
| 690 | @aC43@v5 | |
| 701 | 0 | @a曲庆彪@9qu qing biao@f(1954.10~)@4主编 |
| 801 | 0 | @aCN@bTSSF@c20150131 |
| 905 | @aZUCC@dC43@eJY1 | |
| 社会科学基础/曲庆彪主编.-北京:高等教育出版社,2004 |
| 348页;23cm |
| 高等院校小学教育专业教材 |
| ISBN 7-04-015443-9:CNY23.60 |
| 本书以促进小学教师培养目标的实现、提高其社科素质为宗旨,针对社会科学的内容、发展过程、价值与作用等,力求涵盖其主要学科的成就、人物与学术价值。 |
| ● |
| 相关链接 |
|
|
|
|
正题名:社会科学基础
索取号:C43/JY1
 
预约/预借
| 序号 | 登录号 | 条形码 | 馆藏地/架位号 | 状态 | 备注 |
| 1 | 7857517 | 278575178 | 学院路分馆/ [索取号:C43/JY1] | 在馆 |